Fußball: Deutsche Trainer ausländischer Nationalteams – Sudden Death - Statistiken

Allgemein
  • Dieses Quiz wurde 240 mal gespielt
  • Das Durchschnittsergebnis liegt bei 7 aus 11
Answers on the Grid
Answers color-coded by a green-red scale on the quiz's grid according to % correct below.
Jürgen Klinsmann
Winfried Schäfer
Domenico Tedesco
Otto Rehhagel
Thomas Tuchel
Berti Vogts
Ralf Rangnick
Ottmar Hitzfeld
Rudi Gutendorf
Christoph Daum
Stefan Kuntz
Frank Beckenbauer
Joachim Löw
Jens Keller
Peter Neururer
Karl-Heinz Feldkamp
 
Antwortstatistiken
Antwort % Korrekt
USA, Südkorea Jürgen Klinsmann
79%
Griechenland Otto Rehhagel
75%
England Thomas Tuchel
75%
Belgien Domenico Tedesco
71%
Österreich Ralf Rangnick
71%
Türkei Stefan Kuntz
64%
Schweiz Ottmar Hitzfeld
61%
Schottland, Aserbaidschan Berti Vogts
58%
Rumänien Christoph Daum
53%
Kamerun, Thailand, Jamaika Winfried Schäfer
53%
u. a. Nepal, Tonga, Ruanda Rudi Gutendorf
40%
Keine übereinstimmenden Quizze gefunden
Verteilung der Resultate
Anzahl Personen mit jedem Resultat
Perzentil nach korrekt beantworteten Fragen
Ihre Resultats-Entwicklung
Sie haben dieses Quiz noch nicht gespielt